000 00604nam a2200193Ia 4500
008 151121s9999||||xx |||||||||||||| ||und||
082 _a813-/शेळके
082 _bHNW-14320
100 _aशेळके शान्ता ज।
245 _aप्रेमिक
260 _b"कुलकणी ग्रंथागार,पुणे।"
260 _c--
300 _a125
600 _aशेळके शान्ता ज।
630 _aप्रेमिक
700 _aशेळके शान्ता ज।
730 _aप्रेमिक
942 _cBOOK
999 _c1218043
_d1218040